• 首页
  • 本馆介绍
  • 公告通知
  • 最新文献
  • 馆藏检索
  • 电子资源
  • 读者导购
  • 参考咨询
  • 我的图书馆
  • 登录
  • 详细信息显示
  • 放入我的书架
  • 预约/预借图书
  • 作者相关作品
  • 分类相关作品
  • 丛书相关作品
  • 出版社相关作品

书目信息

  • 表格格式
  • 工作单格式
  • 卡片格式
题名:
函数逼近论方法
    
 
作者: 莫国端 著
分册:  
出版信息: 北京   科学出版社  2003
页数: 210页
开本: 26cm
丛书名:
单 册:
中图分类: O174.4
科图分类:
主题词: 数学分析
电子资源:
ISBN: 7-03-010914-7
000 00509nam0 2200181 450
001 0732828906
005 20070903090708.90
010    @a7-03-010914-7@d¥25.00
100    @a20070903d km y0chiy0120 ea
101 0  @achi
200 1  @a函数逼近论方法@Ahan shu bi jin lun fang fa@f莫国端著@Fmo guo duan zhu
210    @a北京@c科学出版社@d2003
215    @a210页@d26cm
606 0  @a数学分析
690    @aO174.4@v3
701  0 @a莫国端@Amo guo duan@4著
801  0 @aCN@bPFT@c20070903
905    @a213230@dO174.4@eS268@f1
    
    函数逼近论方法/莫国端著.-北京:科学出版社,2003
    210页;26cm
    
    
    ISBN 7-03-010914-7:¥25.00
    
●
相关链接 在E读中查询图书 在五车中查询图书 在当当中查询图书 在豆瓣中查询图书


正题名:函数逼近论方法     索取号:O174.4/S268         预约/预借

序号 登录号 条形码 馆藏地/架位号 状态 备注
1 6704392   267043923   密集书库-数信学院/ [索取号:O174.4/S268] 在馆    
唐山师范学院图书馆 欢迎您!
大连网信软件有限公司© 版权所有